Primi 15 paesi interessati da Covid-19 - 8 maggio - Statistics

Statistiche generali
  • Questo quiz è stato fatto 7 volte
  • Il punteggio medio è 11 su 24
Statistiche sulle risposte
nazione % Corretto
Cina
100%
Francia
86%
Germania
86%
Italia
86%
Russia
86%
Canada
71%
Regno Unito
71%
Spagna
71%
Stati Uniti
71%
Belgio
57%
Brasile
57%
India
57%
Paesi Bassi
57%
Turchia
43%
Portogallo
29%
Svezia
29%
Svizzera
29%
Iran
14%
Perù
14%
Bahrain
0%
Bielorussia
0%
Irlanda
0%
Qatar
0%
Singapore
0%
Nessun quiz corrispondente trovato
Distribuzione punteggi
Percentuale di utenti per punteggio
Percentile per numero di risposta
I tuoi punteggi nel tempo
Non hai fatto questo quiz